[Event "Groningen op 59th"]
[Site "Groningen"]
[Date "2023.12.29"]
[Round "8"]
[White "Lambrechts, Koen"]
[Black "Slagboom, Leandro"]
[Result "1/2-1/2"]
[WhiteElo "2290"]
[BlackElo "2304"]
[PlyCount "37"]
[EventDate "2023.12.21"]
[EventType "swiss"]
[EventRounds "9"]
[EventCountry "NED"]
[SourceTitle "CB04_2024"]
[SourceDate "2023.10.16"]
[SourceVersion "1"]
[SourceVersionDate "2023.10.16"]
[SourceQuality "1"]

1. e4 e5 2. d4 exd4 3. Qxd4 Nc6 4. Qe3 Nf6 5. Bd2 Bb4 6. Bb5 0-0 7. Ne2 Re8 8. Bxc6 Bxd2+ 9. Nxd2 bxc6 10. 0-0 d5 11. f3 Qe7 12. Ng3 Qb4 13. Nb3 Qb6 14. Rfe1 dxe4 15. Nxe4 Nxe4 16. fxe4 Be6 17. Rad1 Rad8 18. Kf2 h6 19. h3 1/2-1/2

[Event "Hoogeveen op 26th"]
[Site "Hoogeveen"]
[Date "2023.10.28"]
[Round "9"]
[White "Slagboom, Leandro"]
[Black "Kiran, Manisha Mohanty"]
[Result "1-0"]
[WhiteElo "2305"]
[BlackElo "2034"]
[PlyCount "61"]
[EventDate "2023.10.21"]
[EventType "swiss"]
[EventRounds "9"]
[EventCountry "NED"]
[SourceTitle "Mega2024 Update 01"]
[Source "Chessbase"]
[SourceDate "2023.11.12"]
[SourceVersion "1"]
[SourceVersionDate "2023.11.12"]
[SourceQuality "1"]

1. e4 c5 2. Nf3 d6 3. d4 cxd4 4. Nxd4 Nf6 5. Nc3 Nc6 6. f3 e5 7. Nb3 Be7 8. Be3 a5 9. Bb5 0-0 10. Qd2 Na7 11. Bxa7 Rxa7 12. a4 Be6 13. 0-0-0 Ra8 14. Kb1 Qc8 15. g4 Rd8 16. Qf2 Qc7 17. h4 h5 18. g5 Nh7 19. f4 exf4 20. Qxf4 Nf8 21. Nd4 Ng6 22. Nxe6 fxe6 23. Qf3 Rac8 24. Rhf1 Rf8 25. Qxh5 Nf4 26. Qg4 d5 27. exd5 Bb4 28. Rf3 exd5 29. Rd4 Bd6 30. Bd7 Qb6 31. Rdxf4 1-0

[Event "Hoorn Romero op"]
[Site "Hoorn"]
[Date "2023.09.02"]
[Round "1"]
[White "Slagboom, Leandro"]
[Black "Langedijk, Ardjan"]
[Result "1-0"]
[WhiteElo "2305"]
[BlackElo "2053"]
[PlyCount "75"]
[EventDate "2023.09.01"]
[EventType "swiss"]
[EventRounds "6"]
[EventCountry "NED"]
[SourceTitle "EXT 2024"]
[Source "ChessBase"]
[SourceDate "2023.10.10"]
[SourceVersion "1"]
[SourceVersionDate "2023.10.10"]
[SourceQuality "1"]

1. e4 Nc6 2. Nf3 d6 3. d4 Nf6 4. Nc3 g6 5. Be2 Bg7 6. 0-0 0-0 7. d5 Nb8 8. Be3 e6 9. dxe6 Bxe6 10. Qd2 Nc6 11. Rad1 Re8 12. h3 Qe7 13. Rfe1 a6 14. Bf1 Qf8 15. g4 Nd7 16. Bg2 Nde5 17. Nxe5 dxe5 18. Nd5 Bxd5 19. exd5 Nd4 20. c3 Nb5 21. Qc2 Rab8 22. a4 Nd6 23. c4 b5 24. c5 Nc4 25. Bc1 Red8 26. axb5 axb5 27. b3 Na5 28. Bd2 b4 29. Be4 Rb5 30. Be3 Nb7 31. Qc4 Nxc5 32. Qxb5 Nxe4 33. Qc4 Nc3 34. Rd2 Qe8 35. Qxc7 Rxd5 36. Qc4 Rxd2 37. Bxd2 e4 38. Qxb4 1-0

[Event "Riga Tech Rapid op"]
[Site "Riga"]
[Date "2023.08.06"]
[Round "5"]
[White "Blomqvist, Erik"]
[Black "Slagboom, Leandro"]
[Result "1-0"]
[WhiteElo "2488"]
[BlackElo "2270"]
[PlyCount "113"]
[EventDate "2023.08.06"]
[EventType "swiss (rapid)"]
[EventRounds "9"]
[EventCountry "LAT"]
[SourceTitle "CBM 215 Extra"]
[Source "ChessBase"]
[SourceDate "2023.09.30"]
[SourceVersion "1"]
[SourceVersionDate "2023.09.30"]
[SourceQuality "1"]

1. e4 e5 2. Nf3 Nc6 3. Bb5 a6 4. Ba4 Nf6 5. 0-0 Nxe4 6. Re1 Nc5 7. Bxc6 dxc6 8. d4 Ne6 9. Nxe5 Be7 10. Be3 0-0 11. c4 f6 12. Nf3 Re8 13. Nc3 Nf8 14. Qb3 Bg4 15. Nd2 b5 16. d5 cxd5 17. cxd5 Bd6 18. a4 bxa4 19. Rxa4 Bd7 20. Ra5 Qb8 21. Qa2 Qb4 22. Rb1 Bf5 23. Rc1 Ng6 24. Ra4 Qb7 25. Nc4 Ne5 26. Nxe5 Bxe5 27. Bd4 Bd6 28. h3 Bd7 29. Rc4 Bb5 30. Qb3 Bc6 31. Qxb7 Bxb7 32. Ra1 Rad8 33. b4 Rd7 34. Kf1 Be5 35. Bxe5 Rxe5 36. Rc5 Bxd5 37. Rxa6 Bb7 38. Raa5 Rxc5 39. Rxc5 Kf7 40. f3 c6 41. Ke2 Rd4 42. b5 Rd6 43. b6 Ke7 44. Ne4 Re6 45. g4 g6 46. Kd2 Kd8 47. Kc3 Kc8 48. Kd4 Ba6 49. Ra5 Bb7 50. Kc5 Re5+ 51. Kb4 Re6 52. Rc5 Ba6 53. Rc3 Bb5 54. Kc5 Ba6 55. Ra3 Bb7 56. Ra7 f5 57. Nd6+ 1-0

[Event "Dieren op"]
[Site "Dieren"]
[Date "2023.08.02"]
[Round "8"]
[White "Schoppen, Casper"]
[Black "Slagboom, Leandro"]
[Result "1/2-1/2"]
[WhiteElo "2498"]
[BlackElo "2270"]
[PlyCount "80"]
[EventDate "2023.07.25"]
[EventType "swiss"]
[EventRounds "9"]
[EventCountry "NED"]
[SourceTitle "CBM 215 Extra"]
[Source "ChessBase"]
[SourceDate "2023.09.30"]
[SourceVersion "1"]
[SourceVersionDate "2023.09.30"]
[SourceQuality "1"]

1. d4 d5 2. c4 e6 3. Nf3 Nf6 4. Nc3 Bb4 5. Bg5 h6 6. Bxf6 Qxf6 7. Qa4+ Nc6 8. e3 0-0 9. Be2 Bd7 10. Qb3 dxc4 11. Qxc4 Qe7 12. 0-0 Na5 13. Qd3 c5 14. a3 c4 15. Qc2 Bxc3 16. Qxc3 b6 17. Nd2 Rfc8 18. Rac1 Ba4 19. Bd1 Bxd1 20. Rfxd1 Rc7 21. Rc2 Rac8 22. Ne4 Nb7 23. Qe1 Nd6 24. Nc3 Qd7 25. e4 Nb5 26. d5 Nxc3 27. Qxc3 exd5 28. Rxd5 Qe7 29. f3 Rd8 30. Rcd2 Rxd5 31. Rxd5 Rc5 32. Rd1 Qc7 33. Qd4 c3 34. Qd8+ Qxd8 35. Rxd8+ Kh7 36. bxc3 Rxc3 37. Rd7 Rxa3 38. Rxf7 a5 39. Rb7 Rb3 40. Ra7 Rb2 1/2-1/2

[Event "Dieren op"]
[Site "Dieren"]
[Date "2023.08.01"]
[Round "7"]
[White "Slagboom, Leandro"]
[Black "Baselmans, Luuk"]
[Result "1-0"]
[WhiteElo "2270"]
[BlackElo "2338"]
[PlyCount "57"]
[EventDate "2023.07.25"]
[EventType "swiss"]
[EventRounds "9"]
[EventCountry "NED"]
[SourceTitle "CBM 215 Extra"]
[Source "ChessBase"]
[SourceDate "2023.09.30"]
[SourceVersion "1"]
[SourceVersionDate "2023.09.30"]
[SourceQuality "1"]

1. e4 e6 2. d4 d5 3. e5 c5 4. c3 Nc6 5. Nf3 Bd7 6. Be2 Nge7 7. Na3 cxd4 8. cxd4 Nf5 9. Nc2 Rc8 10. 0-0 Qb6 11. Kh1 a5 12. Bd3 Nfxd4 13. Nfxd4 Nxd4 14. Be3 Bc5 15. Nxd4 Bxd4 16. Qg4 Bxe3 17. Qxg7 Rf8 18. fxe3 Qxe3 19. Rad1 Ba4 20. b3 Rc3 21. Qxh7 Bd7 22. Bg6 Qxe5 23. Bxf7+ Kd8 24. Bxe6 Rxf1+ 25. Rxf1 Be8 26. Qh4+ Kc7 27. Qe7+ Kb6 28. Qxe8 Qf4 29. Qf7 1-0

[Event "Dieren op"]
[Site "Dieren"]
[Date "2023.07.29"]
[Round "5"]
[White "Slagboom, Leandro"]
[Black "Hausrath, Daniel"]
[Result "0-1"]
[WhiteElo "2270"]
[BlackElo "2442"]
[PlyCount "96"]
[EventDate "2023.07.25"]
[EventType "swiss"]
[EventRounds "9"]
[EventCountry "NED"]
[SourceTitle "CBM 215 Extra"]
[Source "ChessBase"]
[SourceDate "2023.09.30"]
[SourceVersion "1"]
[SourceVersionDate "2023.09.30"]
[SourceQuality "1"]

1. e4 c6 2. d4 d5 3. f3 Qb6 4. Nc3 dxe4 5. Bc4 Nf6 6. fxe4 e5 7. dxe5 Ng4 8. Qe2 Nxe5 9. Bb3 Bg4 10. Nf3 Nbd7 11. h3 Nxf3+ 12. gxf3 Be6 13. Nd5 Qd8 14. Be3 Nc5 15. Bc4 b5 16. Bxb5 Bd7 17. Bxc6 Bxc6 18. 0-0-0 Qa5 19. Qc4 Rc8 20. Kb1 Ne6 21. f4 Qb5 22. Qc3 Bd7 23. Qe5 Qb8 24. Qh5 Ba3 25. b3 Bc6 26. Qg4 h5 27. Qg3 g6 28. Qh4 Bxd5 29. exd5 Ng7 30. Qf6 Kf8 31. d6 Rd8 32. d7 Be7 33. Qd4 Rg8 34. Qa4 Nf5 35. Bxa7 Qb7 36. Rhe1 Bf6 37. Bc5+ Kg7 38. b4 Ra8 39. Qb3 Rgd8 40. Qd5 Qa6 41. Rd3 Rab8 42. Red1 Rb7 43. Qf3 Rc7 44. c3 Qa3 45. Qf2 Qa4 46. Bb6 Rxc3 47. Bxd8 Qxb4+ 48. Qb2 Rc1+ 0-1

[Event "NED-ch U18"]
[Site "Almelo"]
[Date "2023.05.06"]
[Round "7"]
[White "Slagboom, Leandro"]
[Black "Van der Hagen, Loek"]
[Result "0-1"]
[WhiteElo "2228"]
[BlackElo "2273"]
[PlyCount "120"]
[EventDate "2023.04.30"]
[EventType "swiss"]
[EventRounds "7"]
[EventCountry "NED"]
[SourceTitle "CBM 214 Extra"]
[Source "ChessBase"]
[SourceDate "2023.07.31"]
[SourceVersion "1"]
[SourceVersionDate "2023.07.31"]
[SourceQuality "1"]

1. d4 Nf6 2. c4 g6 3. Nc3 d5 4. cxd5 Nxd5 5. e4 Nxc3 6. bxc3 Bg7 7. Bc4 c5 8. Ne2 0-0 9. 0-0 Nc6 10. Be3 Bg4 11. f3 Na5 12. Bxf7+ Rxf7 13. fxg4 Rxf1+ 14. Kxf1 Qd6 15. e5 Qe6 16. Nf4 Rf8 17. Kg1 Qf7 18. Qe2 Bh6 19. g3 Qc4 20. Qd2 Rd8 21. Qb2 Bxf4 22. gxf4 Qd3 23. Kf2 Qxe3+ 24. Kxe3 Nc4+ 25. Ke4 Nxb2 26. a4 Nc4 27. Ra2 e6 28. Rf2 cxd4 29. cxd4 a6 30. f5 gxf5+ 31. gxf5 exf5+ 32. Rxf5 Nd2+ 33. Ke3 Nb3 34. Rf4 b5 35. axb5 axb5 36. Kd3 Nc5+ 37. Kc3 Ne6 38. Rh4 Kg7 39. h3 Kg6 40. Rg4+ Kf5 41. Rh4 Rd7 42. d5 Rxd5 43. Rxh7 Kxe5 44. Kb4 Kd6 45. h4 Kc6 46. h5 Rd4+ 47. Kb3 Kc5 48. Rh8 Rd3+ 49. Kc2 Rh3 50. h6 Kb4 51. Kd2 Nc5 52. Ke2 Kc4 53. Kf2 b4 54. Kg2 Rh5 55. Kg3 b3 56. Kg4 Rh1 57. h7 b2 58. Rb8 Nb3 59. Rc8+ Kd5 60. Rd8+ Kc6 0-1

[Event "NED-ch U18"]
[Site "Almelo"]
[Date "2023.05.05"]
[Round "6"]
[White "De Winter, Arthur"]
[Black "Slagboom, Leandro"]
[Result "0-1"]
[WhiteElo "2374"]
[BlackElo "2228"]
[PlyCount "110"]
[EventDate "2023.04.30"]
[EventType "swiss"]
[EventRounds "7"]
[EventCountry "NED"]
[SourceTitle "CBM 214 Extra"]
[Source "ChessBase"]
[SourceDate "2023.07.31"]
[SourceVersion "1"]
[SourceVersionDate "2023.07.31"]
[SourceQuality "1"]

1. e4 e5 2. Bc4 Nf6 3. d3 Nc6 4. Nc3 Bc5 5. f4 0-0 6. Nf3 exf4 7. Bxf4 d6 8. d4 Bb6 9. Bg5 Bg4 10. Qd2 Bxf3 11. gxf3 Bxd4 12. 0-0-0 Bxc3 13. bxc3 Ne5 14. Be2 Ned7 15. Rhg1 Kh8 16. Bb5 Rg8 17. Qd4 Ne5 18. Rg3 Qe7 19. f4 Nc6 20. Bxc6 bxc6 21. c4 c5 22. Qc3 Rae8 23. Re1 Qe6 24. Rge3 Nd7 25. Rh3 Rgf8 26. Rg3 f6 27. Bh4 Re7 28. Rge3 Ref7 29. Qa5 Nb6 30. Qxa7 Qxc4 31. Rb3 h6 32. Qb7 Qd4 33. c3 Qa4 34. Re2 c4 35. Rbb2 Qa8 36. Qxa8 Rxa8 37. Rb4 Re7 38. Bf2 Nd5 39. Rxc4 Nxf4 40. Rd2 Kg8 41. a4 g5 42. Bg3 Ne6 43. Bf2 Kf7 44. Be3 Nd8 45. Bf2 Nb7 46. Rb4 c5 47. Rb6 Rxa4 48. Bg3 Raxe4 49. Bxd6 Nxd6 50. Rbxd6 Re1+ 51. Kc2 R1e2 52. Kb3 Rxd2 53. Rxd2 Re5 54. Kc4 f5 55. Rd6 Kg7 0-1

[Event "NED-ch U18"]
[Site "Almelo"]
[Date "2023.05.04"]
[Round "5"]
[White "Slagboom, Leandro"]
[Black "Achuthan, Dylan"]
[Result "1-0"]
[WhiteElo "2228"]
[BlackElo "2045"]
[PlyCount "89"]
[EventDate "2023.04.30"]
[EventType "swiss"]
[EventRounds "7"]
[EventCountry "NED"]
[SourceTitle "CBM 214 Extra"]
[Source "ChessBase"]
[SourceDate "2023.07.31"]
[SourceVersion "1"]
[SourceVersionDate "2023.07.31"]
[SourceQuality "1"]

1. d4 d5 2. Nf3 Nf6 3. c4 dxc4 4. e3 e6 5. Bxc4 c5 6. 0-0 a6 7. Re1 Nc6 8. Nc3 b5 9. Bb3 Be7 10. d5 exd5 11. Bxd5 Nxd5 12. Nxd5 0-0 13. e4 Bg4 14. h3 Bxf3 15. Qxf3 Bf6 16. Nxf6+ Qxf6 17. Qxf6 gxf6 18. Be3 c4 19. Bc5 Rfc8 20. f4 Rd8 21. Rad1 Kg7 22. Rd5 f5 23. Rxf5 Rd2 24. Re3 Rg8 25. Rd5 Rxb2 26. Rd6 Rb1+ 27. Kh2 Rc8 28. Rg3+ Kh8 29. Rf6 Rd1 30. Rxf7 Rg8 31. Rc7 Nd4 32. Be7 Rxg3 33. Bf6+ Kg8 34. Kxg3 Rd3+ 35. Kg4 c3 36. Bxd4 Rxd4 37. Rxc3 Ra4 38. Kf5 Rxa2 39. Kf6 h5 40. e5 Ra4 41. f5 Rc4 42. Rxc4 bxc4 43. e6 Kf8 44. e7+ Ke8 45. Ke6 1-0

[Event "NED-ch U18"]
[Site "Almelo"]
[Date "2023.05.01"]
[Round "2"]
[White "Van Kuijk, Vadim"]
[Black "Slagboom, Leandro"]
[Result "1-0"]
[WhiteElo "1968"]
[BlackElo "2228"]
[PlyCount "57"]
[EventDate "2023.04.30"]
[EventType "swiss"]
[EventRounds "7"]
[EventCountry "NED"]
[SourceTitle "CBM 214 Extra"]
[Source "ChessBase"]
[SourceDate "2023.07.31"]
[SourceVersion "1"]
[SourceVersionDate "2023.07.31"]
[SourceQuality "1"]

1. e4 c5 2. Nf3 Nc6 3. d4 cxd4 4. Nxd4 e5 5. Nb5 d6 6. c4 Be6 7. N5c3 Nf6 8. Bd3 g6 9. Bg5 Bg7 10. Nd5 h6 11. Bxf6 Bxf6 12. Nbc3 0-0 13. 0-0 Rc8 14. b4 Bg5 15. g3 h5 16. f4 exf4 17. gxf4 Bf6 18. e5 dxe5 19. f5 Bxd5 20. Nxd5 Nxb4 21. Nxb4 Qb6+ 22. Kh1 Qxb4 23. fxg6 fxg6 24. Bxg6 Qxc4 25. Qxh5 Qd5+ 26. Rf3 Rc7 27. Rg1 Bg5 28. Bf7+ Rfxf7 29. Rxg5+ 1-0

[Event "Benidorm op-A"]
[Site "Benidorm"]
[Date "2022.12.06"]
[Round "4"]
[White "Slagboom, Leandro"]
[Black "Perez Candelario, Matias"]
[Result "1-0"]
[WhiteElo "2177"]
[BlackElo "2009"]
[PlyCount "39"]
[EventDate "2022.12.03"]
[EventType "swiss"]
[EventRounds "9"]
[EventCountry "ESP"]
[SourceTitle "CBM 211 Extra"]
[Source "ChessBase"]
[SourceDate "2023.01.31"]
[SourceVersion "1"]
[SourceVersionDate "2023.01.31"]
[SourceQuality "1"]

1. e4 d5 2. exd5 Qxd5 3. Nc3 Qa5 4. d4 c6 5. Bd2 Qc7 6. Nf3 Bg4 7. h3 Bh5 8. g4 Bg6 9. Ne5 e6 10. h4 f6 11. Nxg6 hxg6 12. Bd3 g5 13. Bg6+ Kd7 14. Qe2 gxh4 15. 0-0-0 Bb4 16. d5 e5 17. dxc6+ bxc6 18. Nb5 cxb5 19. Bxb4+ Kc8 20. Bf5+ 1-0

[Event "Hoogeveen op 25th"]
[Site "Hoogeveen"]
[Date "2022.10.21"]
[Round "8"]
[White "Slagboom, Leandro"]
[Black "De Boer, Eelke"]
[Result "1-0"]
[WhiteElo "2117"]
[BlackElo "2295"]
[PlyCount "145"]
[EventDate "2022.10.15"]
[EventType "swiss"]
[EventRounds "9"]
[EventCountry "NED"]
[SourceTitle "CBM 210 Extra"]
[Source "ChessBase"]
[SourceDate "2022.11.30"]
[SourceVersion "1"]
[SourceVersionDate "2022.11.30"]
[SourceQuality "1"]

1. e4 e5 2. Nf3 Nc6 3. d4 exd4 4. Nxd4 Qf6 5. Nf3 Bc5 6. Nc3 Nge7 7. Nb5 Bb6 8. Be3 Ba5+ 9. c3 a6 10. Nbd4 Bb6 11. Bd3 h6 12. 0-0 d6 13. Nxc6 bxc6 14. Qd2 0-0 15. Rae1 Ng6 16. Nd4 c5 17. Ne2 Ne5 18. Ng3 Be6 19. Kh1 Nf3 20. Nh5 Qh4 21. gxf3 Qxh5 22. Be2 f5 23. Rg1 Kh7 24. c4 Qf7 25. exf5 Bxf5 26. Rg3 Qf6 27. Reg1 Rf7 28. Qd5 Re8 29. Bd3 Re5 30. Bxf5+ Rxf5 31. Qe4 c6 32. Rg6 Qxg6 33. Rxg6 Kxg6 34. Qxc6 Bc7 35. Qxa6 Kh7 36. f4 d5 37. cxd5 Rxd5 38. Qc6 Rdf5 39. Kg2 Bxf4 40. Bxf4 Rxf4 41. Qxc5 R7f5 42. Qe3 h5 43. b3 Rg4+ 44. Kf1 Rfg5 45. a4 Rg6 46. a5 Rg1+ 47. Ke2 Ra1 48. Qe5 Ra2+ 49. Ke3 Kh6 50. b4 Rf6 51. h4 Rfxf2 52. Qg5+ Kh7 53. Qxh5+ Kg8 54. Qe8+ Kh7 55. Qh5+ Kg8 56. a6 Rfb2 57. Qe8+ Kh7 58. Qh5+ Kg8 59. Qe8+ Kh7 60. Qe4+ Kh6 61. Qc4 Ra3+ 62. Kf4 Rxb4 63. Qxb4 Rxa6 64. Qe4 Rf6+ 65. Ke5 Rf8 66. Kd6 Rf6+ 67. Ke7 Rg6 68. Kf7 Rf6+ 69. Kg8 Rg6 70. Kf7 Rf6+ 71. Kg8 Rg6 72. Qf5 Rg2 73. Qh7# 1-0

[Event "Hoogeveen op 25th"]
[Site "Hoogeveen"]
[Date "2022.10.19"]
[Round "6"]
[White "Slagboom, Leandro"]
[Black "Bollaart, Jeroen"]
[Result "1-0"]
[WhiteElo "2117"]
[BlackElo "1937"]
[PlyCount "91"]
[EventDate "2022.10.15"]
[EventType "swiss"]
[EventRounds "9"]
[EventCountry "NED"]
[SourceTitle "CBM 210 Extra"]
[Source "ChessBase"]
[SourceDate "2022.11.30"]
[SourceVersion "1"]
[SourceVersionDate "2022.11.30"]
[SourceQuality "1"]

1. e4 g6 2. d4 Bg7 3. Nc3 d6 4. Be3 a6 5. Qd2 b5 6. f3 Bb7 7. h4 h6 8. Nge2 Nd7 9. g3 c5 10. dxc5 Ne5 11. Bg2 Nc4 12. Qc1 Nxe3 13. Qxe3 dxc5 14. Rd1 Qc7 15. a4 b4 16. Nd5 Bxd5 17. Rxd5 Rc8 18. c3 Nf6 19. Rd1 0-0 20. e5 Nd7 21. f4 Nb6 22. b3 Rcd8 23. 0-0 e6 24. c4 Nc8 25. Nc1 Rfe8 26. Rd3 Bf8 27. Rfd1 Ne7 28. Be4 Nf5 29. Bxf5 gxf5 30. Qd2 Be7 31. Rd7 Qc6 32. Qd3 Kf8 33. Kf2 Qa8 34. Qf3 Qxf3+ 35. Kxf3 h5 36. Ke2 f6 37. Rxd8 Rxd8 38. Rxd8+ Bxd8 39. Nd3 fxe5 40. Nxc5 Kf7 41. fxe5 a5 42. Kf3 Bb6 43. Nd3 Bd4 44. Kf4 Kg6 45. c5 Kh6 46. c6 1-0

[Event "Hoorn Oscar Romero op"]
[Site "Hoorn"]
[Date "2022.08.28"]
[Round "6"]
[White "Manshanden, Nick"]
[Black "Slagboom, Leandro"]
[Result "0-1"]
[WhiteElo "2065"]
[BlackElo "2201"]
[PlyCount "86"]
[EventDate "2022.08.26"]
[EventType "swiss"]
[EventRounds "6"]
[EventCountry "NED"]
[SourceTitle "EXT 2023"]
[Source "ChessBase"]
[SourceDate "2022.10.05"]
[SourceVersion "1"]
[SourceVersionDate "2022.10.05"]
[SourceQuality "1"]

1. d4 d5 2. c4 e6 3. Nf3 Nf6 4. Nc3 c5 5. cxd5 Nxd5 6. e4 Nxc3 7. bxc3 cxd4 8. cxd4 Bb4+ 9. Bd2 Bxd2+ 10. Qxd2 0-0 11. Bc4 Nd7 12. 0-0 b6 13. Rfe1 Bb7 14. Rad1 Rc8 15. Bd3 h6 16. Bb1 Qc7 17. Rc1 Qd6 18. Qe3 Rfd8 19. Rxc8 Rxc8 20. Rc1 Rxc1+ 21. Qxc1 b5 22. Bd3 a6 23. h3 Kf8 24. Qc3 b4 25. Qc2 Ke7 26. Qa4 Qb6 27. Qc2 a5 28. Qb2 f6 29. Bc2 Qb5 30. Qb3 Nb6 31. Qe3 Kd7 32. Bd3 Qc6 33. d5 exd5 34. Nd4 Qc5 35. e5 Nc4 36. e6+ Kd8 37. Nc6+ Qxc6 38. e7+ Kc7 39. Qg3+ Nd6 40. Bg6 Kd7 41. Qe3 Ne8 42. Bf5+ Kc7 43. Qa7 Qb6 0-1